|
|
|
|
| LEADER |
00631nta a2200157 i 4500 |
| 001 |
dipl54584 |
| 005 |
20151214155434.0 |
| 008 |
151214s1967 hu om 0|| hun d |
| 040 |
|
|
|a SZTE Diploma Repozitórium
|b hun
|
| 041 |
|
|
|a hun
|
| 100 |
1 |
|
|a Pápai Zsuzsanna
|
| 245 |
1 |
0 |
|a Oroszország története a X.-XVIII. század második feléig a felszabadulás előtti magyar történeti irodalom tükrében
|h [elektronikus dokumentum] /
|c Zsuzsanna Pápai
|
| 260 |
|
|
|c 1967
|
| 650 |
|
4 |
|a Bölcsészettudományok
|
| 700 |
1 |
|
|a Varga Ilona
|e ths
|
| 856 |
4 |
0 |
|u http://diploma.bibl.u-szeged.hu/id/eprint/54584/1/1967_papai%20zsuzsanna.pdf
|z Dokumentum-elérés
|